Nájomná zmluva medzi podnikateľskými subjektmi
Právna úprava nájomnej zmluvy. Náležitosti nájomnej zmluvy. Práva a povinnosti zmluvných strán. Základné povinnosti nájomcu. Zodpovednosť za porušenie nájomnej zmluvy. Zánik nájomnej zmluvy. Odstúpenie od zmluvy nájomcom. Odstúpenie od zmluvy prenajímateľom
Saved in:
| Main Author: | |
|---|---|
| Format: | Book Chapter |
| Language: | Slovak |
| Subjects: | |
| Tags: |
No Tags, Be the first to tag this record!
|
MARC
| LEADER | 00000naa a2200000 4500 | ||
|---|---|---|---|
| 001 | r043417 | ||
| 005 | 20230801095612.3 | ||
| 041 | 0 | |a slo | |
| 044 | |a SK | ||
| 245 | 1 | 0 | |a Nájomná zmluva medzi podnikateľskými subjektmi |c Alena Pauličková |
| 520 | |a Právna úprava nájomnej zmluvy. Náležitosti nájomnej zmluvy. Práva a povinnosti zmluvných strán. Základné povinnosti nájomcu. Zodpovednosť za porušenie nájomnej zmluvy. Zánik nájomnej zmluvy. Odstúpenie od zmluvy nájomcom. Odstúpenie od zmluvy prenajímateľom | ||
| 610 | 2 | 0 | |a zmluvy nájomné |
| 610 | 2 | 0 | |a nájomné |
| 610 | 2 | 0 | |a prenájom |
| 610 | 2 | 0 | |a podnikatelia |
| 610 | 2 | 0 | |a úpravy právne |
| 100 | 1 | |a Pauličková, Alena | |